[Event "GER-ch Net blitz qual4"]
[Site "Playchess.com INT"]
[Date "2021.05.10"]
[Round "11"]
[White "Hoppe, Frank"]
[Black "Volkmer, Andreas"]
[Result "0-1"]
[WhiteElo "1808"]
[BlackElo "2033"]
[PlyCount "26"]
[EventDate "2021.05.10"]
[EventType "swiss (blitz)"]
[EventRounds "11"]
[EventCountry "GER"]
[SourceTitle "CBM 202 Extra"]
[Source "ChessBase"]
[SourceDate "2021.07.31"]
[SourceVersion "1"]
[SourceVersionDate "2021.07.31"]
[SourceQuality "1"]

1. e4 c5 2. Nf3 Nf6 3. e5 Nd5 4. c4 Nb6 5. Nc3 Nc6 6. d3 g6 7. Nd5 Bg7 8. Bf4 0-0 9. h4 d6 10. Nxb6 Qxb6 11. Qe2 Bg4 12. 0-0-0 dxe5 13. Bxe5 Nxe5 0-1

[Event "GER-ch Net blitz qual3"]
[Site "Playchess.com INT"]
[Date "2021.05.07"]
[Round "2"]
[White "Hoppe, Frank"]
[Black "Singh, Marcel"]
[Result "0-1"]
[WhiteElo "1710"]
[BlackElo "2027"]
[PlyCount "160"]
[EventDate "2021.05.07"]
[EventType "swiss (blitz)"]
[EventRounds "11"]
[EventCountry "GER"]
[SourceTitle "CBM 202 Extra"]
[Source "ChessBase"]
[SourceDate "2021.07.31"]
[SourceVersion "1"]
[SourceVersionDate "2021.07.31"]
[SourceQuality "1"]

1. e4 Nf6 2. e5 Nd5 3. c4 Nb6 4. d4 d6 5. f4 dxe5 6. fxe5 Nc6 7. Be3 Bf5 8. Nf3 e6 9. Be2 Bg4 10. 0-0 Bxf3 11. Rxf3 Be7 12. Nc3 0-0 13. a3 f6 14. exf6 Bxf6 15. d5 exd5 16. Nxd5 Bxb2 17. Ra2 Rxf3 18. gxf3 Bf6 19. Nxf6+ Qxf6 20. c5 Rd8 21. Qb3+ Nd5 22. Rd2 Na5 23. Qa2 c6 24. Bf2 Qg5+ 25. Bg3 h5 26. f4 Qg6 27. Kf2 Qe4 28. Bxh5 Nc4 29. Re2 Qd4+ 30. Kg2 Nc3 31. Qb3 Nxe2 32. Bxe2 Qxc5 33. Qxc4+ Qxc4 34. Bxc4+ Kh8 35. f5 Rd4 36. Be6 Rd2+ 37. Kh3 Kh7 38. Be5 Re2 39. Bd6 Rd2 40. Bc5 Rd3+ 41. Kg4 b6 42. Be7 c5 43. h4 Rd4+ 44. Kg5 Rd1 45. Bf7 Rg1+ 46. Kh5 Rf1 47. Bg6+ Kg8 48. Kg5 Rg1+ 49. Kf4 c4 50. Ke3 Re1+ 51. Kd4 Rxe7 52. Kxc4 Re4+ 53. Kb5 Rxh4 54. a4 Kf8 55. a5 bxa5 56. Kxa5 Rh1 57. Ka6 Ra1+ 58. Kb5 Ke7 59. Bh7 Kf6 60. Bg6 a5 61. Kc4 a4 62. Kc3 Rg1 63. Kb4 Rg4+ 64. Ka3 Rxg6 65. fxg6 Kxg6 66. Kxa4 Kf5 67. Kb3 Kf4 68. Kc2 Kf3 69. Kd2 g5 70. Ke1 Kg2 71. Ke2 g4 72. Ke3 g3 73. Kf4 Kf2 74. Kg4 g2 75. Kh3 g1Q 76. Kh4 Kf3 77. Kh5 Kf4 78. Kh4 Kf5 79. Kh3 Kf4 80. Kh4 Qh2# 0-1

[Event "GER-ch Net blitz qual2"]
[Site "Playchess.com INT"]
[Date "2021.05.04"]
[Round "5"]
[White "Hausmann, Ulrich"]
[Black "Hoppe, Frank"]
[Result "0-1"]
[WhiteElo "1580"]
[BlackElo "1715"]
[PlyCount "118"]
[EventDate "2021.05.04"]
[EventType "swiss (blitz)"]
[EventRounds "11"]
[EventCountry "GER"]
[SourceTitle "CBM 202 Extra"]
[Source "ChessBase"]
[SourceDate "2021.07.31"]
[SourceVersion "1"]
[SourceVersionDate "2021.07.31"]
[SourceQuality "1"]

1. f4 e5 2. fxe5 d6 3. e6 Bxe6 4. Nf3 g5 5. e3 g4 6. Nd4 Bd7 7. Be2 Nh6 8. 0-0 Bg7 9. c3 a6 10. Rf4 c5 11. Nb3 f5 12. d4 cxd4 13. exd4 0-0 14. Rf1 Nf7 15. Bc4 Nc6 16. N1d2 Ne7 17. Qe2 b5 18. Bd3 Re8 19. Qf2 d5 20. Na5 Nd6 21. Nab3 Ne4 22. Nxe4 dxe4 23. Be2 Rf8 24. Nc5 Ng6 25. Bf4 Bc8 26. g3 Ra7 27. Rad1 h5 28. c4 Nxf4 29. gxf4 h4 30. cxb5 axb5 31. Bxb5 Bf6 32. Bc4+ Kh8 33. d5 Rg7 34. Ne6 Bxe6 35. dxe6 Qc7 36. Qd2 g3 37. h3 Qxc4 38. Qd6 Re8 39. e7 Qf7 40. Rd5 Bxe7 41. Qh6+ Rh7 42. Qc6 Rd8 43. Re5 Bf8 44. Rc1 Qa7+ 45. Kh1 g2+ 46. Kh2 Rg7 47. Qf6 Kg8 48. Qe6+ Qf7 49. Qxf5 g1Q+ 50. Rxg1 Qxf5 51. Rxg7+ Bxg7 52. Rxf5 e3 53. Kg2 e2 54. Kf2 Re8 55. Ke1 Bxb2 56. Rg5+ Kf7 57. Rd5 Bc3+ 58. Kf2 e1Q+ 59. Kf3 Qe2# 0-1

[Event "GER-ch Net blitz qual1"]
[Site "Playchess.com INT"]
[Date "2021.04.24"]
[Round "4"]
[White "Hoppe, Frank"]
[Black "Buljovcic, Franjo"]
[Result "0-1"]
[WhiteElo "1702"]
[BlackElo "1539"]
[PlyCount "108"]
[EventDate "2021.04.24"]
[EventType "swiss (blitz)"]
[EventRounds "11"]
[EventCountry "GER"]
[SourceTitle "CBM 202 Extra"]
[Source "ChessBase"]
[SourceDate "2021.07.31"]
[SourceVersion "1"]
[SourceVersionDate "2021.07.31"]
[SourceQuality "1"]

1. e4 e6 2. d4 b6 3. Nc3 Bb7 4. Nf3 Bb4 5. Bd3 Nf6 6. Qe2 d5 7. e5 Ne4 8. Bd2 Nxd2 9. Nxd2 c5 10. Nb5 c4 11. c3 cxd3 12. Qg4 Bf8 13. Nd6+ Bxd6 14. Qxg7 Bxe5 15. dxe5 Rf8 16. 0-0 Nd7 17. Rfe1 Qe7 18. Qxh7 Qg5 19. Qxd3 Nxe5 20. Qb5+ Nd7 21. Nf3 Qe7 22. Ne5 0-0-0 23. Nc6 Bxc6 24. Qxc6+ Kb8 25. b4 Rc8 26. Qb5 Nf6 27. Re3 Qc7 28. a4 Qc4 29. h4 Qxb5 30. axb5 Ne4 31. Ra3 Nd6 32. Rb3 Nxb5 33. g4 Rh8 34. h5 Rcg8 35. Rg3 Nd6 36. Kh2 Ne4 37. Rg2 f6 38. f3 Nd6 39. Rbb2 Rc8 40. Rbc2 Nb5 41. Rce2 e5 42. Re3 Rxc3 43. Rxc3 Nxc3 44. Kg3 d4 45. Rd2 Nd5 46. b5 Nc3 47. Rb2 d3 48. f4 Rd8 49. fxe5 fxe5 50. h6 Ne4+ 51. Kf3 d2 52. Rxd2 Nxd2+ 53. Ke2 Rg8 54. Kxd2 Rxg4 0-1

[Event "GER Cup Net Final-B U2000"]
[Site "Playchess.com INT"]
[Date "2020.06.06"]
[Round "2"]
[White "Schaper, Jan Erik"]
[Black "Hoppe, Frank"]
[Result "0-1"]
[WhiteElo "1747"]
[BlackElo "1843"]
[PlyCount "94"]
[EventDate "2020.06.06"]
[EventType "swiss (blitz)"]
[EventRounds "13"]
[EventCountry "GER"]
[SourceTitle "CBM 197 Extra"]
[Source "ChessBase"]
[SourceDate "2020.09.30"]
[SourceVersion "1"]
[SourceVersionDate "2020.09.30"]
[SourceQuality "1"]

1. d4 Nf6 2. Bf4 d5 3. Nc3 c6 4. e3 g6 5. Bd3 Bg7 6. Nf3 0-0 7. Qd2 Nbd7 8. h4 h5 9. 0-0-0 b5 10. Ne5 Nxe5 11. dxe5 Ng4 12. f3 Nxe5 13. Be2 Qa5 14. Kb1 Be6 15. Nxd5 Qxd2 16. Nxe7+ Kh7 17. Rxd2 Bc4 18. Bxe5 Bxe5 19. Bxc4 bxc4 20. Nxc6 c3 21. Rd7 Bf6 22. b3 a5 23. a4 Ra6 24. Nd4 Kg8 25. g3 Re8 26. e4 Be5 27. Rg1 Rd6 28. Rxd6 Bxd6 29. Nb5 Bb4 30. Rd1 f5 31. Re1 Kg7 32. Kc1 Kf6 33. Kd1 Rd8+ 34. Kc1 Re8 35. Nd4 fxe4 36. Rxe4 Rxe4 37. fxe4 Bc5 38. Nc6 Bf2 39. Nxa5 Bxg3 40. Nc6 Bxh4 41. a5 Bf2 42. a6 h4 43. a7 Bxa7 44. Nxa7 h3 45. e5+ Ke6 46. Nb5 h2 47. Nd4+ Kd5 0-1

[Event "GER Cup Net Final-B U2000"]
[Site "Playchess.com INT"]
[Date "2020.06.06"]
[Round "4"]
[White "Wagner, Rainer"]
[Black "Hoppe, Frank"]
[Result "0-1"]
[WhiteElo "1754"]
[BlackElo "1843"]
[PlyCount "58"]
[EventDate "2020.06.06"]
[EventType "swiss (blitz)"]
[EventRounds "13"]
[EventCountry "GER"]
[SourceTitle "CBM 197 Extra"]
[Source "ChessBase"]
[SourceDate "2020.09.30"]
[SourceVersion "1"]
[SourceVersionDate "2020.09.30"]
[SourceQuality "1"]

1. d4 Nf6 2. c4 c5 3. d5 b5 4. cxb5 a6 5. bxa6 Bxa6 6. g3 d6 7. Bg2 g6 8. Nc3 Bg7 9. Nf3 0-0 10. Rb1 Nbd7 11. 0-0 Qa5 12. Bd2 Ng4 13. Qc1 Rfb8 14. b3 Nge5 15. Nxe5 Nxe5 16. h3 Rc8 17. f4 Nd7 18. Re1 Rab8 19. e4 c4 20. b4 Rxb4 21. Rxb4 Qxb4 22. Kh2 Nc5 23. Qc2 Qa3 24. Rb1 Nd3 25. Bf1 Nc5 26. Nb5 Bxb5 27. Rxb5 c3 28. Be3 Qa4 29. Bxc5 Qxc2+ 0-1

[Event "GER Cup Net V4 U2000"]
[Site "Playchess.com INT"]
[Date "2020.05.31"]
[Round "3"]
[White "Hoppe, Frank"]
[Black "Stangl, Anita"]
[Result "0-1"]
[WhiteElo "1862"]
[BlackElo "1758"]
[PlyCount "102"]
[EventDate "2020.05.31"]
[EventType "swiss (blitz)"]
[EventRounds "9"]
[EventCountry "GER"]
[SourceTitle "EXT 2021"]
[Source "ChessBase"]
[SourceDate "2020.10.23"]
[SourceVersion "1"]
[SourceVersionDate "2020.10.23"]
[SourceQuality "1"]

1. e4 e6 2. d4 d5 3. Nc3 Nf6 4. Bg5 Be7 5. Bxf6 Bxf6 6. e5 Be7 7. Qg4 g6 8. h4 h5 9. Qg3 c5 10. dxc5 Nc6 11. f4 Bxc5 12. 0-0-0 a6 13. Nf3 Qa5 14. Kb1 Bd7 15. Ng5 Ne7 16. Bd3 Nf5 17. Bxf5 gxf5 18. Qf3 Be7 19. Ne2 Rf8 20. Nd4 0-0-0 21. Qxh5 Be8 22. Qf3 Kb8 23. h5 Rc8 24. h6 Rh8 25. h7 Bc5 26. c3 Qb6 27. Qd3 Be7 28. Rh6 Qd8 29. Ngf3 Bf8 30. Rh4 Bc5 31. Rdh1 Qe7 32. g4 fxg4 33. Rxg4 Bd7 34. Ng5 f6 35. exf6 Qxf6 36. Qe3 Rce8 37. Qe5+ Qxe5 38. fxe5 Re7 39. Rf4 Bxd4 40. cxd4 Rg7 41. Rh5 Be8 42. Nxe6 Rg1+ 43. Kc2 Bxh5 44. Rf8+ Rxf8 45. Nxf8 Bd1+ 46. Kd2 Rh1 47. e6 Kc7 48. e7 Ba4 49. b3 Be8 50. Ke3 Kd6 51. Kf4 Kxe7 0-1

[Event "GER Cup Net V4 U2000"]
[Site "Playchess.com INT"]
[Date "2020.05.31"]
[Round "2"]
[White "Niemann, Alexander"]
[Black "Hoppe, Frank"]
[Result "0-1"]
[WhiteElo "1705"]
[BlackElo "1862"]
[PlyCount "46"]
[EventDate "2020.05.31"]
[EventType "swiss (blitz)"]
[EventRounds "9"]
[EventCountry "GER"]
[SourceTitle "EXT 2021"]
[Source "ChessBase"]
[SourceDate "2020.10.23"]
[SourceVersion "1"]
[SourceVersionDate "2020.10.23"]
[SourceQuality "1"]

1. e4 c5 2. d4 cxd4 3. c3 dxc3 4. Nxc3 Nc6 5. Bc4 e6 6. f4 Nf6 7. Nf3 Bc5 8. e5 Ng8 9. Ne4 Qb6 10. Nxc5 Qxc5 11. Qe2 Nd4 12. Nxd4 Qxd4 13. Be3 Qe4 14. 0-0 Ne7 15. Bd3 Qc6 16. Rac1 Qa4 17. b3 Qa5 18. Rc5 Qa3 19. Rfc1 0-0 20. Qg4 Nd5 21. Rxd5 exd5 22. Qh4 g6 23. f5 d4 0-1

[Event "GER Cup Net V3 U2000"]
[Site "Playchess.com INT"]
[Date "2020.05.27"]
[Round "8"]
[White "Hoppe, Frank"]
[Black "Bissinger, Gerhard"]
[Result "1-0"]
[WhiteElo "1875"]
[BlackElo "1573"]
[PlyCount "21"]
[EventDate "2020.05.27"]
[EventType "swiss (blitz)"]
[EventRounds "9"]
[EventCountry "GER"]
[SourceTitle "EXT 2021"]
[Source "ChessBase"]
[SourceDate "2020.10.23"]
[SourceVersion "1"]
[SourceVersionDate "2020.10.23"]
[SourceQuality "1"]

1. e4 f6 2. d4 g5 3. Nc3 a6 4. h4 Ra7 5. hxg5 Ra8 6. g6 Ra7 7. Rxh7 Bh6 8. Bxh6 Rxh7 9. gxh7 Nxh6 10. h8Q+ Ng8 11. Qdh5+ 1-0

[Event "GER Cup Net V2 U2000"]
[Site "Playchess.com INT"]
[Date "2020.05.22"]
[Round "1"]
[White "Albert, Gerhard"]
[Black "Hoppe, Frank"]
[Result "0-1"]
[WhiteElo "1684"]
[BlackElo "1878"]
[PlyCount "136"]
[EventDate "2020.05.22"]
[EventType "swiss (blitz)"]
[EventRounds "9"]
[EventCountry "GER"]
[SourceTitle "EXT 2021"]
[Source "ChessBase"]
[SourceDate "2020.10.23"]
[SourceVersion "1"]
[SourceVersionDate "2020.10.23"]
[SourceQuality "1"]

1. e4 e6 2. d4 d5 3. Nc3 Bb4 4. e5 Ne7 5. a3 Bxc3+ 6. bxc3 0-0 7. Nf3 Nd7 8. Bd3 c5 9. 0-0 c4 10. Bxh7+ Kxh7 11. Ng5+ Kg6 12. Qg4 f5 13. exf6 Nxf6 14. Qg3 Nf5 15. Qf3 Nh7 16. Nh3 Rf6 17. Qg4+ Kf7 18. Ng5+ Kg8 19. Nxh7 Kxh7 20. Bg5 Bd7 21. Bxf6 Qxf6 22. Rae1 Rf8 23. f3 Kg8 24. Re5 Ba4 25. Rfe1 Bd7 26. Qh3 Rf7 27. Rb1 b6 28. Qg4 Nd6 29. Qg3 Nb5 30. Qe1 Nxa3 31. Ra1 Nb5 32. Qd2 Bc6 33. Qe1 Re7 34. Qe3 a5 35. Re1 Nc7 36. Rb1 b5 37. Qc1 a4 38. Qa3 Bd7 39. Qc5 Bc8 40. Qd6 Qf8 41. Qb6 Rf7 42. Qa5 Ne8 43. Qxb5 Nd6 44. Qb2 Rb7 45. Qa1 Rxb1+ 46. Qxb1 a3 47. Qa2 Nb5 48. Re1 Nxc3 49. Qa1 Nb5 50. Rb1 Bd7 51. Rc1 Qf4 52. Rf1 Qxd4+ 53. Qxd4 Nxd4 54. c3 Ne2+ 55. Kf2 Nxc3 56. Ra1 a2 57. Ke3 e5 58. Kd2 d4 59. g3 Ba4 60. f4 exf4 61. gxf4 Bb3 62. Re1 Kf7 63. Ra1 Nb1+ 64. Kc1 c3 65. Rxb1 axb1Q+ 66. Kxb1 d3 67. Kc1 d2+ 68. Kb1 d1Q# 0-1

[Event "GER Cup Net V2 U2000"]
[Site "Playchess.com INT"]
[Date "2020.05.22"]
[Round "2"]
[White "Bendrich, Thorsten"]
[Black "Hoppe, Frank"]
[Result "1/2-1/2"]
[WhiteElo "1729"]
[BlackElo "1878"]
[PlyCount "79"]
[EventDate "2020.05.22"]
[EventType "swiss (blitz)"]
[EventRounds "9"]
[EventCountry "GER"]
[SourceTitle "EXT 2021"]
[Source "ChessBase"]
[SourceDate "2020.10.23"]
[SourceVersion "1"]
[SourceVersionDate "2020.10.23"]
[SourceQuality "1"]

1. Nc3 e5 2. e4 Nf6 3. f4 d6 4. Nf3 Bg4 5. Bc4 Be7 6. fxe5 dxe5 7. Bxf7+ Kxf7 8. Nxe5+ Ke8 9. Nxg4 Qd4 10. d3 Nxg4 11. Qxg4 Rf8 12. Qe2 c6 13. Be3 Qb4 14. 0-0-0 Nd7 15. Qh5+ g6 16. Qxh7 Ne5 17. d4 Nc4 18. Qxg6+ Kd8 19. Rd3 Qxb2+ 20. Kd1 Qa1+ 21. Bc1 Nb2+ 22. Kd2 Nxd3 23. Kxd3 b5 24. Qxc6 Rc8 25. Qd5+ Ke8 26. Qxb5+ Kd8 27. Qd5+ Ke8 28. Qb5+ Kd8 29. Qb2 Qxb2 30. Bxb2 Rf2 31. g4 Rg2 32. h3 Bh4 33. Rf1 Ke8 34. Rf5 Rg3+ 35. Kd2 Rxh3 36. Rh5 Rh2+ 37. Kd3 Rh3+ 38. Kd2 Rh2+ 39. Kd3 Rh3+ 40. Kd2 1/2-1/2

[Event "GER Cup Net V1 U2000"]
[Site "Playchess.com INT"]
[Date "2020.05.19"]
[Round "5"]
[White "Bendrich, Thorsten"]
[Black "Hoppe, Frank"]
[Result "0-1"]
[WhiteElo "1674"]
[BlackElo "1823"]
[PlyCount "114"]
[EventDate "2020.05.19"]
[EventType "swiss (blitz)"]
[EventRounds "9"]
[EventCountry "GER"]
[SourceTitle "EXT 2021"]
[Source "ChessBase"]
[SourceDate "2020.10.23"]
[SourceVersion "1"]
[SourceVersionDate "2020.10.23"]
[SourceQuality "1"]

1. Nc3 d5 2. e4 d4 3. Nce2 e5 4. Ng3 Nf6 5. Bc4 Be7 6. d3 0-0 7. N1e2 Qd6 8. 0-0 Be6 9. Bxe6 fxe6 10. f4 exf4 11. Bxf4 e5 12. Bd2 g6 13. Bh6 Rf7 14. Qd2 c5 15. Bg5 Nbd7 16. Rf2 Raf8 17. Raf1 Ng4 18. Rxf7 Rxf7 19. Rxf7 Kxf7 20. h3 Bxg5 21. Qxg5 Ne3 22. Qh6 Kg8 23. Nh5 Qe7 24. Nhg3 Nxc2 25. a3 Qf7 26. Qh4 Qf6 27. Qg4 Qf7 28. Nf5 Kf8 29. Nd6 Qe7 30. Nxb7 Ne3 31. Qf3+ Qf7 32. Na5 Qxf3 33. gxf3 Nd1 34. b4 cxb4 35. axb4 Nb2 36. Nc1 Kf7 37. Nc6 a6 38. Kf2 Kf6 39. Kg3 Kg5 40. Nd8 h5 41. Ne6+ Kf6 42. Nc7 Nb8 43. f4 exf4+ 44. Kxf4 g5+ 45. Kf3 Ke5 46. Nd5 Nc6 47. Nb6 Nxb4 48. Nd7+ Kd6 49. Nf6 N4xd3 50. Nxd3 Nxd3 51. Nxh5 Ne5+ 52. Ke2 a5 53. Ng3 a4 54. Kd2 Kc5 55. Kc2 Kc4 56. Ne2 d3+ 57. Kd2 dxe2 0-1

[Event "GER Cup Net V1 U2000"]
[Site "Playchess.com INT"]
[Date "2020.05.19"]
[Round "1"]
[White "Furchtbar, Uwe"]
[Black "Hoppe, Frank"]
[Result "0-1"]
[WhiteElo "1620"]
[BlackElo "1801"]
[PlyCount "96"]
[EventDate "2020.05.19"]
[EventType "swiss (blitz)"]
[EventRounds "9"]
[EventCountry "GER"]
[SourceTitle "EXT 2021"]
[Source "ChessBase"]
[SourceDate "2020.10.23"]
[SourceVersion "1"]
[SourceVersionDate "2020.10.23"]
[SourceQuality "1"]

1. b3 e5 2. Bb2 Nc6 3. e3 Nf6 4. Nf3 d6 5. Be2 Be7 6. 0-0 0-0 7. c4 h6 8. Nc3 Bf5 9. d4 e4 10. Nd2 Re8 11. d5 Ne5 12. Nb5 a6 13. Nd4 Bh7 14. Re1 Ng6 15. Nf1 Qd7 16. Qc2 Bf8 17. Ng3 Nh4 18. a3 c5 19. dxc6 bxc6 20. b4 d5 21. Rac1 Rac8 22. Qd2 Ng4 23. Bxg4 Qxg4 24. Qe2 Qg5 25. Qh5 Qe7 26. Ndf5 Nxf5 27. Nxf5 Bxf5 28. Qxf5 Qe6 29. Qxe6 fxe6 30. Red1 Be7 31. Rd2 Kf7 32. Rcd1 g6 33. Kf1 h5 34. Ke2 Bd6 35. f4 exf3+ 36. Kxf3 g5 37. g3 g4+ 38. Ke2 Kg6 39. e4 Bf8 40. exd5 exd5+ 41. Kd3 Bh6 42. Re2 dxc4+ 43. Kxc4 Rxe2 44. Rd6+ Kh7 45. Rd7+ Kg8 46. Rd6 Bf8 47. Rg6+ Kf7 48. Rd6 Bxd6 0-1